000 00446nab a2200145Ia 4500
003 ES-SlBCS
005 20210601125213.0
008 140529s1996 xxu||||| |||| 00| 0 eng d
041 _aeng
100 1 _aNielsen, Kai
_950638
245 0 0 _aCultural Nationalism. Niether Ethic nor Civic
_c Kai Nielsen
650 0 4 _aNacionalismo Cultural
_9155299
773 0 _tPhilosophical Forum (The)
_gvol. 28, nº. 1-2, 1996, págs. 42-52
_wRev833
942 _cAR
999 _c526460
_d526460